[Event "72nd RUS-ch Superfinal 2019"]
[Site "Izhevsk"]
[Date "2019.08.21"]
[Round "10.6"]
[White "Sarana, Alexey"]
[Black "Dreev, Aleksey"]
[Result "1/2-1/2"]
[WhiteElo "2640"]
[BlackElo "2655"]
[Annotator "TA"]
[PlyCount "130"]
[EventDate "2019.08.10"]
[EventType "tourn"]
[EventCountry "RUS"]
[SourceTitle "playchess.com"]
[Source "ChessBase"]
[SourceQuality "1"]

{[%evp 13,130,37,40,31,27,28,44,17,46,22,38,43,38,50,42,41,39,32,34,41,12,15,31,32,44,31,43,-29,-17,-83,-87,-122,-56,-117,-130,-163,-153,-147,-10,-14,-6,-6,-17,-34,-23,-121,-109,-112,-84,-79,-92,-87,-98,-128,-133,-158,-159,-233,-130,-196,-121,-105,-103,-118,0,0,0,0,106,87,148,152,170,146,159,167,207,196,187,212,199,104,191,236,199,167,166,164,152,148,235,220,232,235,216,-8,-8,-8,-8,-20,-8,-24,-14,-16,-8,-8,-8,-31,-31,-38,-38,-38,-38,-38,-38,-38,-38,-38,0]} 1. e4 c5 2. Nf3 e6 3. d4 cxd4 4. Nxd4 Nf6 5. Nc3 Nc6 6. Ndb5 Bb4 7. Bf4 O-O 8. Bc7 {B45: Sicilian Four Knights} Qe7 9. Bd6 Bxd6 10. Qxd6 {White is slightly better.} Qd8 11. O-O-O a6 12. Nd4 $1 Ne7 $146 (12... Qb6 13. e5 Ng4 14. Nxc6 bxc6 15. Bd3 {½-½ (66) Jakovenko,D (2730)-Pridorozhni,A (2571) Khanty-Mansiysk 2017}) 13. h4 b5 14. h5 Ne8 15. Qb4 Bb7 16. h6 g6 17. a4 Nc6 18. Qc5 bxa4 19. Nxa4 Rc8 20. Kb1 (20. f3 $14) 20... Nb8 $11 (20... Nxd4 $6 21. Qxd4 Qc7 22. Nc3 $16) 21. Qa7 (21. Qb6 $11 Bxe4 22. Qxd8 Rxd8 23. Rh4) 21... Bxe4 $17 22. Nc5 Nd6 ({Better is} 22... Bd5 $17 23. c4 d6 24. cxd5 dxc5 25. dxe6 Rc7) 23. Ndb3 (23. f3 $15 Bd5 24. Be2) 23... Bd5 24. Bxa6 Nxa6 25. Qxa6 Nc4 (25... Qc7 $17 {And now ...Ne4 would win.} 26. Qd3 Bxg2) 26. Rxd5 $1 $11 exd5 27. Nxd7 $1 Qe7 (27... Qxd7 28. Qf6 Na3+ 29. bxa3 Qg4 30. Qg7#) 28. g4 Rfd8 $40 {[%mdl 128] Black is up to no good.} ({Worse is} 28... Qxd7 29. Qf6 Na3+ 30. bxa3 Qxg4 31. Qg7#) 29. Nf6+ (29. Qf6 $1 $11 Qxf6 30. Nxf6+ Kh8 31. Re1) 29... Kh8 $17 {aiming for ...Qe5.} 30. Nxd5 Qd6 $1 {[%cal Rd6a6]} 31. Qxd6 Rxd6 32. Nc3 Rf6 33. Ne4 Rf4 34. Nbc5 Rxg4 35. b3 (35. c3 $17) 35... Ne5 (35... Na3+ $19 36. Kb2 Nxc2 $1 {[%mdl 512]}) 36. Re1 (36. Kb2 $17) 36... Rf4 ({Black should play} 36... f5 $19 37. Nd6 Rxc5 38. Nf7+ Kg8 39. Nxe5 Re4) 37. c4 Ng4 38. Nd6 Rd8 (38... Ra8 $1 $17 39. b4 Nxh6) 39. Ncb7 $11 Rf8 40. c5 {Hoping for c6.} Nxh6 (40... Rf3 $1 $11 {remains equal.}) 41. c6 $16 {Strongly threatening Ne8.} Rb4 ({Don't blunder} 41... Rxf2 $2 42. Ne8 $18 (42. c7 Rf6 $18)) ({Black should try} 41... Rf3) 42. Kb2 $1 {Threatens to win with Ne8.} Nf5 43. c7 $1 Nd4 44. Nc5 {Black must now prevent Re8.} Rb6 45. c8=Q Rxc8 46. Nxc8 Rc6 47. Re8+ Kg7 48. b4 h5 49. Kc3 Nb5+ 50. Kd3 h4 {intending ...h3.} 51. Ke2 Nd4+ {[#]} (51... Rf6 $16 52. Kf1 Rf4) 52. Kf1 $1 $18 h3 {[#]} 53. Kg1 $1 g5 54. Re3 $2 (54. Kh1 $18) 54... Rxc8 $11 55. Rxh3 {[%mdl 4096] Endgame KRN-KRN} Rb8 56. Nd3 f5 57. Re3 Kf6 58. Kg2 Nc2 59. Re2 Nxb4 60. Nxb4 Rxb4 {KR-KR. Black is slightly better.} 61. Ra2 Ke5 62. Ra5+ Kf4 63. Ra3 g4 64. Rc3 Rb5 65. Rc8 Rb4 {Accuracy: White = 57%, Black = 64%.} 1/2-1/2

[Event "72nd RUS-ch Superfinal 2019"]
[Site "Izhevsk"]
[Date "2019.08.22"]
[Round "11.1"]
[White "Dreev, Aleksey"]
[Black "Inarkiev, Ernesto"]
[Result "0-1"]
[WhiteElo "2655"]
[BlackElo "2693"]
[Annotator "TA"]
[PlyCount "54"]
[EventDate "2019.08.10"]
[EventType "tourn"]
[EventCountry "RUS"]
[SourceTitle "playchess.com"]
[Source "ChessBase"]
[SourceQuality "1"]

{[%evp 9,58,14,17,0,31,22,40,16,27,22,14,10,32,36,35,40,39,29,54,72,72,67,125,124,123,119,118,127,113,16,110,108,150,56,37,0,156,0,0,0,0,-146,-153,-366,-390,-381,-339,-332,-144,-652,-629]} 1. d4 Nf6 2. c4 e6 3. Nc3 Bb4 4. Qc2 d5 5. cxd5 exd5 6. Bf4 {E35: Nimzo-Indian: Classical: 4...d5 5 cxd5 exd5} (6. Bg5 h6 7. Bxf6 Qxf6 8. a3 {½-½ (8) Vitiugov,N (2719)-Giri,A (2783) St Petersburg 2018}) 6... Ne4 7. e3 c5 8. dxc5 {White is slightly better.} Qa5 {[%cal Re4c3]} 9. Nge2 O-O 10. a3 {[%cal Ba2a3,Ba3b4][%mdl 32]} Bf5 {...Nxc3 is the strong threat.} 11. Qc1 Nxc5 $146 ({Predecessor:} 11... Bxc3+ 12. Nxc3 Qxc5 13. Nxe4 Qxc1+ 14. Rxc1 dxe4 {1-0 (34) Matthiesen,M (2307)-Svane,R (2587) Denmark 2018}) 12. axb4 Nd3+ {[%mdl 64] Double Attack} 13. Kd2 Qd8 $1 14. Qb1 {Strongly threatening Nd4.} Bg6 15. Bxb8 $1 Qxb8 (15... Rxb8 $14 16. Qa2 Nxf2) 16. f4 $16 ({Avoid the trap} 16. Nxd5 $2 Nxf2 17. Qe1 Nxh1 $19) 16... Nf2 17. Qe1 Nxh1 18. Nd4 Qd6 19. Bd3 (19. Ra4 $1 $16) 19... Qxb4 (19... Bxd3 $11 {keeps the balance.} 20. Kxd3 Qxb4) 20. Nc2 $1 {[%cal Rc2b4]} Qb6 {Threatens to win with ...Bxd3.} (20... Qxb2 $2 21. Rb1 $18) 21. Qxh1 (21. f5 $16) 21... d4 $14 (21... Qxb2 $2 22. Rb1 $18) 22. exd4 {And now f5 would win.} Rac8 $2 (22... Bxd3 $11 23. Kxd3 Rac8) 23. Ra2 $2 (23. f5 $1 $16 {[%cal Rf5g6]} Qxb2 24. Ne2) 23... Bxd3 $11 24. Kxd3 Qb3 $36 {[%mdl 2048] aiming for ...b5. White is under pressure.} 25. Rxa7 {[#]} (25. Ra3 $11 {was the only way to keep the balance.} Qxb2 26. Qa1) 25... b5 $1 $17 ({Of course not} 25... Qxb2 $6 26. Ra3 $11) 26. Rb7 $2 (26. Qa1 $17 {might work better.} b4 {[%mdl 64] Pin} 27. Kd2 (27. Qa2 $2 Rxc3+ 28. bxc3 Qxc3+ 29. Ke4 b3 $19 {[%mdl 64] Double Attack})) 26... Qxb2 $19 27. Qe1 Rfd8 {Played: Qb2-b3} 0-1

[Event "72nd RUS-ch Superfinal 2019"]
[Site "Izhevsk"]
[Date "2019.08.22"]
[Round "11.2"]
[White "Vitiugov, Nikita"]
[Black "Sarana, Alexey"]
[Result "1/2-1/2"]
[WhiteElo "2727"]
[BlackElo "2640"]
[Annotator "TA"]
[PlyCount "118"]
[EventDate "2019.08.10"]
[EventType "tourn"]
[EventCountry "RUS"]
[SourceTitle "playchess.com"]
[Source "ChessBase"]
[SourceQuality "1"]

{[%evp 14,118,28,26,30,6,0,0,20,0,38,27,40,18,33,26,17,20,19,-25,-20,-26,-21,-17,0,-39,-38,-63,-68,-72,-81,-82,-54,-56,-43,-67,-57,-64,-65,-79,-84,-125,-67,-48,-45,-44,-37,-62,-47,-58,-64,-68,-54,-66,-33,-66,0,0,0,-58,-33,-25,-20,-62,-38,-29,-22,-20,-29,-29,-26,-25,-21,-21,-17,-39,-31,-48,-42,-48,-48,-33,0,0,0,-31,-22,-66,-33,-25,-14,0,0,0,-12,-64,-71,-112,0,-35,-41,-145,-149,-133,-139,-156,-118]} 1. c4 Nf6 2. g3 c6 3. Nf3 g6 4. b3 Bg7 5. Bb2 d5 6. Bg2 O-O 7. O-O Nbd7 8. d4 b5 {D78: Fianchetto Grünfeld: 6 0-0 c6} 9. c5 $146 ({Predecessor:} 9. Nbd2 bxc4 10. bxc4 Ba6 11. Qa4 Qc8 12. Qa3 dxc4 13. Rac1 c3 14. Bxc3 Bxe2 15. Rfe1 Bxf3 16. Bxf3 Nd5 17. Bb4 Qb7 18. Bxe7 Rfe8 19. Nb3 Bh6 20. Rb1 N7b6 21. Na5 {½-½ (21) Rodshtein,M (2673)-Esipenko,A (2603) Skopje 2019}) 9... Ne4 10. Qc2 Qc7 {The position is equal.} 11. Nc3 f5 12. a4 b4 13. Nxe4 fxe4 14. Ng5 Nf6 15. f3 {[%cal Rf3e4]} h6 16. Nh3 {[%cal Rf3e4]} Bf5 $36 {[%mdl 2048] Black has good play.} 17. Qd2 a5 18. Nf2 g5 19. Rae1 Qd7 20. Nd1 Rf7 21. Ne3 Bg6 22. Nd1 Raf8 23. Nf2 Qe6 24. Bc1 Re8 25. Qe3 Bf5 26. Qd2 Nd7 27. Nd1 {[#]} Bg6 ({Black should play} 27... exf3 $1 $17 28. exf3 Qg6) 28. Qe3 $15 Rd8 29. Nf2 Nf6 30. Qd2 Bf5 31. Nd1 Nd7 32. Ne3 Bg6 33. Bb2 Kh7 34. Bc1 Qf6 35. Bb2 $1 {[#] Black must now prevent fxe4.} Qe6 36. Bc1 Rff8 37. Bb2 h5 38. Nd1 Bh6 39. Bc1 Bf5 40. Ne3 g4 41. Qd1 Bg6 42. Nc2 Bg7 43. Bf4 Rc8 44. Qd2 Rf7 45. Rf2 Kg8 {Strongly threatening ...e3!} 46. fxg4 hxg4 47. Ref1 Nf8 48. Ne3 $1 Nd7 49. Nc2 Bf6 50. Ne3 Rh7 (50... Nxc5 $5 51. dxc5 d4 $11) 51. Bh1 Rh5 52. Ng2 Nf8 53. Be3 {Threatens to win with Nf4.} Qf7 54. Nf4 (54. Rf4 $1 $11) 54... Rh7 55. Bg2 Ne6 (55... Qg7 $17) 56. h4 ({Reject} 56. Nxg6 Qxg6 57. Bh1 Qg7 $17) 56... Ng7 $1 57. Nxg6 ({Better is} 57. Bh1 $15) 57... Qxg6 $17 {Black is clearly better.} 58. Rxf6 exf6 59. Bf4 Nh5 {Accuracy: White = 51%, Black = 71%.} 1/2-1/2

[Event "72nd RUS-ch Superfinal 2019"]
[Site "Izhevsk"]
[Date "2019.08.22"]
[Round "11.3"]
[White "Tomashevsky, Evgeny"]
[Black "Alekseenko, Kirill"]
[Result "1-0"]
[WhiteElo "2702"]
[BlackElo "2650"]
[Annotator "TA"]
[PlyCount "151"]
[EventDate "2019.08.10"]
[EventType "tourn"]
[EventCountry "RUS"]
[SourceTitle "playchess.com"]
[Source "ChessBase"]
[SourceQuality "1"]

{[%evp 13,151,9,23,20,16,7,13,18,19,7,29,-8,14,5,22,22,13,29,25,1,64,63,79,104,95,56,69,61,92,58,85,92,106,103,235,225,230,231,296,319,333,314,364,360,430,445,536,571,599,393,1497,1416,1267,609,606,586,517,272,285,273,239,188,170,173,172,173,170,161,192,103,191,206,219,213,224,225,223,218,193,147,164,146,178,187,247,166,166,166,166,166,209,164,164,164,164,140,245,239,224,150,208,208,194,186,1052,580,576,258,29967,29968,29969,29969,29970,29968,29968,29970,29970,29971,29970,29971,29970,29972,29971,29969,29969,29969,29971,29972,29972,29973,29973,29974,29978,29969,29976,29977,29979,29980,29980,29981]} 1. d4 Nf6 2. c4 g6 3. Nf3 Bg7 4. g3 c6 5. Bg2 d5 6. O-O O-O 7. Qb3 a5 8. Rd1 {D78: Fianchetto Grünfeld: 6 0-0 c6} a4 9. Qb4 Re8 10. Bf4 {The position is equal.} Nbd7 11. Na3 e6 12. Qe1 $146 ({Predecessor:} 12. Rac1 Ne4 13. Ne5 Bf8 14. Qe1 Nxe5 15. Bxe5 f6 16. Bf4 Nd6 17. h4 Bd7 18. Qc3 f5 19. Bg5 Qa5 20. Qxa5 Rxa5 21. Bd2 Raa8 {½-½ (21) Cheparinov,I (2710)-Ding,L (2777) Riadh 2017}) 12... h6 13. Rac1 g5 14. Bd6 Ne4 15. Bb4 $1 f5 16. Nc2 {[%cal Ba3c2,Bc2e3,Be3c4,Bc4d6][%mdl 32]} g4 ({Black should try} 16... Qc7 $11) 17. Nh4 $1 $14 b6 18. cxd5 cxd5 19. f3 Ng5 $1 20. Ne3 Nf6 21. Ng6 $36 {[%mdl 2048] White fights for an advantage.} Nf7 22. fxg4 fxg4 23. Ne5 h5 (23... Ba6 $16) 24. Nxf7 $18 Kxf7 {[#]} 25. Nc4 $1 {[%mdl 576] Pin} Bh6 (25... dxc4 26. Bxa8) 26. Nd6+ Kg6 27. Nxe8 Bxc1 28. Rxc1 {Black must now prevent Rc7.} Qxe8 29. e4 Ba6 30. e5 Nd7 31. Rc6 {aiming for Bxd5.} Kh7 $2 {[#]} (31... Rc8) 32. Bxd5 $1 {[%mdl 512]} exd5 33. Qb1+ (33. Qe3 $142 Qg6 34. Rxg6 Kxg6 35. Bd2) 33... Kg7 {...Nxe5 is the strong threat.} 34. Qf5 {Intending Qg5+ and mate.} Bd3 35. Qxd3 Nxe5 36. Rc7+ Nf7 37. Qf5 Qe3+ 38. Kf1 Qf3+ 39. Qxf3 gxf3 {[%mdl 4096] Endgame KRB-KRN} 40. Kf2 Kg6 41. Be7 (41. Kxf3 $6 Ng5+ 42. Ke3 Re8+ 43. Kd3 Ne4 $16) (41. h4 $18) 41... a3 (41... Nd8 $16) 42. Rc6+ ({Stronger than} 42. Kxf3 Ng5+ 43. Bxg5 axb2 $11) 42... Kf5 43. Rf6+ ({Don't do} 43. Rxb6 $6 axb2 44. Kxf3 Ng5+ 45. Bxg5 Kxg5 $16) (43. Bxa3 $6 Ng5 $16) 43... Ke4 44. bxa3 ({Wrong is} 44. Rxf7 $2 axb2 45. Rf4+ Kd3 $19) 44... Nh8 45. Rxb6 Kxd4 46. Kxf3 Nf7 47. Rb4+ Ke5 48. Rh4 Nd6 (48... Ke6 {was worth a try.}) 49. Bxd6+ Kxd6 {KR-KR} 50. a4 Kc5 51. Ke3 Rb8 52. Kd3 Rb2 53. Rxh5 Rxa2 54. Rh8 Ra3+ {[#]} (54... Rxa4 $16 {keeps fighting.} 55. Ke3 Kd6) 55. Ke2 $1 Kd4 56. Ra8 Ra2+ (56... Ke4 $16) 57. Kf3 {And now h4 would win.} Rxh2 {[#]} 58. a5 $1 Kc5 $2 (58... Rh7 59. g4 Rf7+ 60. Kg3 Rg7) 59. a6 Kb6 60. Rd8 (60. g4 $142 Rh7 61. Rd8) 60... Kxa6 $2 (60... Rd2 $18 61. Rd6+ Kc5) 61. Rxd5 {White mates.} Kb6 62. g4 Rh8 63. Kf4 Kc6 64. Rd1 Rf8+ 65. Ke5 Rg8 66. Kf5 Rf8+ 67. Ke6 Rg8 68. Rd4 Kc5 69. Ra4 Re8+ 70. Kf7 Rb8 71. g5 Rb7+ 72. Kg8 Kd5 73. Rf4 Rb1 74. g6 Ke6 75. g7 Ke7 76. Rh4 {Accuracy: White = 68%, Black = 31%.} 1-0

[Event "72nd RUS-ch Superfinal 2019"]
[Site "Izhevsk"]
[Date "2019.08.22"]
[Round "11.4"]
[White "Fedoseev, Vladimir"]
[Black "Jakovenko, Dmitry"]
[Result "1-0"]
[WhiteElo "2681"]
[BlackElo "2711"]
[Annotator "TA"]
[PlyCount "101"]
[EventDate "2019.08.10"]
[EventType "tourn"]
[EventCountry "RUS"]
[SourceTitle "playchess.com"]
[Source "ChessBase"]
[SourceQuality "1"]

{[%evp 12,101,26,25,16,0,0,0,0,0,0,0,9,3,0,-4,23,22,17,0,0,0,0,5,2,2,15,18,29,21,30,20,15,26,33,34,27,31,27,26,42,29,37,43,35,41,36,39,92,91,91,91,109,85,129,129,157,150,142,142,154,147,142,142,411,398,384,343,329,331,322,262,300,283,327,325,320,297,553,577,672,551,708,708,635,573,794,656,1341,1326,1214,1152]} 1. d4 Nf6 2. c4 e6 3. Nf3 d5 4. Nc3 Be7 5. Bf4 O-O 6. e3 Nbd7 7. Be2 dxc4 {D37: Queen's Gambit Declined: 5 Bf4} 8. Bxc4 (8. O-O c5 9. dxc5 Nxc5 10. Bxc4 b6 11. Qc2 Bb7 12. Rfd1 Qc8 13. Nb5 a6 14. Nd6 Bxd6 15. Bxd6 Rd8 16. Rac1 Nce4 17. Bb4 Rxd1+ 18. Qxd1 {1-0 (69) Grischuk,A (2771)-Topalov,V (2740) Shamkir 2019}) 8... a6 9. a4 c5 {The position is equal.} 10. dxc5 Nxc5 11. O-O Qxd1 12. Rfxd1 Rd8 13. Ne5 {[#]} Ncd7 $146 ({Predecessor:} 13... Nh5 14. Rxd8+ Bxd8 15. b4 {1-0 (35) Sokolov,I (2645)-Le Roux,J (2523) Mulhouse 2011}) 14. Be2 Nxe5 15. Bxe5 Bd7 16. Bf3 Bc6 17. Bxc6 bxc6 18. Kf1 Nd5 19. e4 Nxc3 20. bxc3 f6 21. Bf4 Kf7 22. Ke2 e5 23. Be3 Rab8 24. Rdb1 Ke6 25. Ba7 Ra8 26. Bb6 Rd7 27. Be3 Bd8 28. Rb3 Rc8 29. Rab1 c5 ({Black should play} 29... Bc7 $14) 30. Rb8 Rc6 31. c4 Ba5 32. Rh8 h6 33. Rbb8 Bc3 34. h4 Bd4 35. Bd2 Rcc7 36. Rb6+ Kf7 37. Be1 f5 $2 {[%mdl 8192]} (37... Ke7 $16) 38. exf5 $18 e4 39. Rbb8 {[#] White threatens Rhf8+ and mate.} Kf6 40. g4 Rb7 41. f3 exf3+ 42. Kxf3 Ba1 43. Bf2 Rxb8 44. Rxb8 {[%mdl 4096] Endgame KRB-KRB} Rd1 $2 (44... Bd4 {is a better defense.} 45. Bg3 Kf7) 45. Bxc5 {White is clearly winning.} Rc1 46. Ke4 {[%cal Rb8f8] [#]} g5 47. hxg5+ hxg5 48. Rb4 Rh1 49. Bf2 a5 50. Rb6+ Kf7 51. c5 {Accuracy: White = 89%, Black = 42%.} 1-0

[Event "72nd RUS-ch Superfinal 2019"]
[Site "Izhevsk"]
[Date "2019.08.22"]
[Round "11.5"]
[White "Matlakov, Maxim"]
[Black "Predke, Alexandr"]
[Result "1-0"]
[WhiteElo "2701"]
[BlackElo "2632"]
[Annotator "TA"]
[PlyCount "59"]
[EventDate "2019.08.10"]
[EventType "tourn"]
[EventCountry "RUS"]
[SourceTitle "playchess.com"]
[Source "ChessBase"]
[SourceQuality "1"]

{[%evp 10,59,14,9,6,2,10,11,13,19,26,21,28,20,20,21,7,6,3,8,14,14,0,6,5,0,34,37,35,17,172,148,146,149,179,187,168,177,213,213,184,214,218,188,370,431,390,419,388,383,355,283]} 1. d4 Nf6 2. c4 e6 3. Nc3 Bb4 4. f3 d5 5. a3 Be7 6. e4 dxe4 {E20: Nimzo-Indian: 4 g3 and 4 f3} 7. fxe4 c5 8. d5 exd5 {The position is equal.} 9. exd5 O-O 10. Be2 (10. Bf4 Re8 11. Be2 Bg4 12. Qd2 Nh5 13. Be3 Bd6 14. O-O-O Rxe3 15. Bxg4 Rxc3+ 16. Qxc3 {0-1 (32) Volkov,S (2645)-Vitiugov,N (2722) St Petersburg 2017}) 10... Bd6 11. Nb5 $146 ({Predecessor:} 11. Nf3 Bg4 12. O-O Nbd7 13. h3 Bxf3 14. Bxf3 {½-½ (53) Braun,A (2598)-Vrolijk,L (2433) chess.com INT 2019}) 11... a6 12. Nxd6 Qxd6 13. Nf3 Bg4 14. O-O $36 {[%mdl 2048] White is more active.} Nbd7 15. Nh4 Bxe2 16. Qxe2 Rae8 17. Qf3 Re4 18. Bf4 Ne5 19. Qb3 Qd7 $2 {[#]} (19... Nh5 $11 20. Bxe5 Qxe5) 20. Bxe5 $1 $18 Rxh4 21. Bxf6 gxf6 22. Rxf6 Qg4 23. Raf1 Qd4+ 24. Kh1 {aiming for h3.} Qxc4 25. Qxb7 {[%mdl 64] Double Attack} Rh6 {Threatens to win with ...Rxf6.} 26. h3 Rg6 $2 {[#]} (26... Rxf6 27. Rxf6 Qe4 28. Qxa6 Qxd5) 27. d6 $1 Rxf6 28. Rxf6 {Strongly threatening Qe7.White is winning.} Qc1+ 29. Kh2 Qe3 {And now ...Qe5+ would win.} 30. Qd5 {Accuracy: White = 95%, Black = 58%.} 1-0

[Event "72nd RUS-ch Superfinal 2019"]
[Site "Izhevsk"]
[Date "2019.08.22"]
[Round "11.6"]
[White "Artemiev, Vladislav"]
[Black "Motylev, Alexander"]
[Result "1/2-1/2"]
[WhiteElo "2761"]
[BlackElo "2654"]
[Annotator "TA"]
[PlyCount "83"]
[EventDate "2019.08.10"]
[EventType "tourn"]
[EventCountry "RUS"]
[SourceTitle "playchess.com"]
[Source "ChessBase"]
[SourceQuality "1"]

{[%evp 9,83,7,8,11,5,3,8,8,11,15,12,11,19,12,7,12,12,13,12,0,0,0,0,0,0,0,0,-7,0,-7,0,0,0,0,0,0,0,-8,-5,0,0,-29,0,-9,-9,-6,0,0,0,0,0,0,0,0,7,7,7,7,8,0,0,0,0,0,0,0,0,0,0,0,0,0,0,0,0,0]} 1. c4 e5 2. g3 Nf6 3. Bg2 Bc5 4. Nc3 c6 5. e3 Bb6 $146 (5... O-O 6. Nge2 d5 7. cxd5 Nxd5 8. d4 exd4 9. Nxd5 cxd5 10. Nxd4 Nc6 11. Nxc6 bxc6 12. O-O Be6 13. Qc2 Qb6 {½-½ (28) Carlsen,M (2843)-Ding,L (2791) Stavanger 2018}) 6. d4 {A23: English Opening: 1...e5 2 Nc3 Nf6 3 g3 c6} exd4 7. exd4 d5 8. cxd5 Nxd5 9. Nxd5 cxd5 10. Ne2 O-O 11. Nc3 Nc6 12. Be3 Ba5 13. Qb3 Be6 14. O-O Bxc3 15. Qxc3 Rc8 16. Rfc1 Qd7 17. Qd2 Bh3 18. Bh1 b6 19. Rc3 Na5 20. b3 Rxc3 21. Qxc3 Rc8 22. Qd2 h6 23. Rc1 Rxc1+ 24. Qxc1 Nc6 25. Qc3 a5 26. Bg2 {The position is equal.} Bxg2 27. Kxg2 Nb4 28. a3 Qc6 29. Qxc6 Nxc6 $11 {[%mdl 4096] Endgame KB-KN} 30. a4 g5 31. g4 f6 32. Kg3 Kf7 33. f4 Kg6 34. fxg5 (34. f5+ {keeps more tension.} Kf7 35. h4 Nb4 36. Bd2 Nc2 37. Bc3) 34... hxg5 35. h4 gxh4+ 36. Kxh4 Nd8 37. Kg3 Ne6 38. Kf3 f5 39. Kg3 Kf6 40. gxf5 Kxf5 {[#] Strongly threatening ...Ke4!} 41. Kf3 Ng5+ 42. Bxg5 {Accuracy: White = 67%, Black = 68%.} 1/2-1/2